000 00729nam a2200229Ii 4500
003 JO-AjNU
008 230605s9999||||xx |||||||||||||| ||und||
017 _a2010/23986
020 _a978-977-455-712-4
040 _aJO-AjNU
_bara
_erda
_cJO-AjNU
041 _aara
050 1 4 _aQA76.9 2011
100 3 _aداميز، فور,
_eauthor
_944481
245 0 0 _aمايكروسوفت اوفيس وورد 2010 Word for Dummies
250 _aط1
264 3 1 _aمصر:دار الفاروق للاستثمارات، 2011
300 _a440ص
336 _atext
_btxt
_2rdacontent
337 _aunmediated
_bn
_2rdamedia
338 _avolume
_bnc
_2rdacarrier
650 4 _aالحاسبات الالكترونية - برامج
_944482
999 _aA19210
_c22778
_d22778